000 00514nam a2200193Ia 4500
008 151119s9999||||xx |||||||||||||| ||und||
082 _a823
082 _bGKKV25761
100 _aNATIONAL GEOGRAPHIC
245 _aNATIONAL GEOGRAPHIC AUG TO JULY SEP 1993
260 _a--
260 _b--
260 _c0
600 _aNATIONAL GEOGRAPHIC
630 _aNATIONAL GEOGRAPHIC AUG TO JULY SEP 1993
700 _aNATIONAL GEOGRAPHIC
730 _aNATIONAL GEOGRAPHIC AUG TO JULY SEP 1993
942 _cBOOK
999 _c1078267
_d1078264